| 000 | 00424nam a2200181Ia 4500 | ||
|---|---|---|---|
| 005 | 20250603145424.0 | ||
| 008 | 250603s9999 xx 000 0 und d | ||
| 020 | _a9783764374761 | ||
| 050 | _aNA 2542.8 .N48/ | ||
| 100 | _aEdited by Dreiseitl, Herbert; Grau, Dieter | ||
| 245 | 0 | _aNew waterscapes | |
| 260 | _aBasel | ||
| 260 | _bBirkhäuse | ||
| 260 | _c2023 | ||
| 300 | _a176 p | ||
| 650 | _aBasel | ||
| 942 | _cBK | ||
| 999 |
_c41812 _d41812 |
||